[Event "HUN-chT2 Asztalos 1213"]
[Site "Hungary"]
[Date "2012.09.16"]
[Round "1.8"]
[White "Kiraly, Mate"]
[Black "Stermenszky, Tamas"]
[Result "1/2-1/2"]
[WhiteElo "1776"]
[BlackElo "1832"]
[PlyCount "46"]
[EventDate "2012.09.16"]
[EventType "team-tourn"]
[EventRounds "9"]
[EventCountry "HUN"]
[SourceTitle "EXT 2014"]
[Source "ChessBase"]
[SourceDate "2013.11.20"]
[SourceVersion "1"]
[SourceVersionDate "2013.11.20"]
[SourceQuality "1"]
[WhiteTeam "Marcali"]
[BlackTeam "Mohacs"]
[WhiteTeamCountry "HUN"]
[BlackTeamCountry "HUN"]

1. e4 c5 2. b3 d6 3. Bb2 Nc6 4. Bb5 Bd7 5. Nc3 e5 6. Nge2 g6 7. d3 Nge7 8. 0-0 Bg7 9. Nd5 Nd4 10. Bxd7+ Qxd7 11. c3 Nxe2+ 12. Qxe2 Nxd5 13. exd5 0-0 14. Rae1 Rae8 15. Qd2 f5 16. c4 f4 17. f3 h5 18. b4 b6 19. bxc5 bxc5 20. Rb1 Rb8 21. Bc3 Rb7 22. Rb2 Rfb8 23. Rfb1 Bf6 1/2-1/2

[Event "HUN-chT2 Asztalos 1112"]
[Site "Hungary"]
[Date "2012.05.20"]
[Round "11.12"]
[White "Kiraly, Mate"]
[Black "Mirjak, Tamas"]
[Result "1-0"]
[WhiteElo "1739"]
[BlackElo "1434"]
[PlyCount "49"]
[EventDate "2011.09.25"]
[EventType "team-tourn"]
[EventRounds "11"]
[EventCountry "HUN"]
[SourceTitle "EXT 2013"]
[Source "ChessBase"]
[SourceDate "2012.11.22"]
[SourceVersion "1"]
[SourceVersionDate "2012.11.22"]
[SourceQuality "1"]
[WhiteTeam "Marcali"]
[BlackTeam "Mohacs"]
[WhiteTeamCountry "HUN"]
[BlackTeamCountry "HUN"]

1. e4 e5 2. Nf3 Nc6 3. Nc3 Nf6 4. Bb5 Bd6 5. 0-0 0-0 6. d3 Nd4 7. Bc4 c5 8. Bg5 Nxf3+ 9. Qxf3 Be7 10. Qe2 d6 11. f4 exf4 12. Bxf4 Be6 13. Bb3 Qb6 14. Kh1 Bxb3 15. axb3 a6 16. Rf3 Rae8 17. Rh3 d5 18. e5 Bd6 19. Re1 Qc7 20. Re3 Qd8 21. exd6 d4 22. Re7 dxc3 23. bxc3 b5 24. Bg5 Nd7 25. Rxe8 1-0

[Event "HUN-chT U18"]
[Site "Miskolc"]
[Date "2010.11.06"]
[Round "8.10"]
[White "Csati, Oliver"]
[Black "Kiraly, Mate"]
[Result "1/2-1/2"]
[WhiteElo "1595"]
[BlackElo "1716"]
[PlyCount "66"]
[EventDate "2010.11.02"]
[EventType "team-swiss"]
[EventRounds "8"]
[EventCountry "HUN"]
[SourceTitle "EXT 2016"]
[Source "ChessBase"]
[SourceDate "2015.10.08"]
[SourceVersion "1"]
[SourceVersionDate "2015.10.08"]
[SourceQuality "1"]

1. e4 e5 2. Nf3 Nc6 3. d4 exd4 4. Nxd4 Bc5 5. Be3 Bb6 6. Bc4 Nf6 7. 0-0 Nxe4 8. Re1 0-0 9. Nxc6 dxc6 10. Qxd8 Rxd8 11. Bxb6 cxb6 12. Rxe4 Rd1+ 13. Bf1 Bf5 14. Re2 Be6 15. b3 Rad8 16. f4 Rc1 17. f5 Rdd1 18. Rf2 Bd7 19. g4 Kf8 20. Kg2 c5 21. Bc4 Bc6+ 22. Kg3 Rxb1 23. Rxb1 Rxb1 24. f6 g6 25. Rd2 Re1 26. Kf2 Re5 27. Kg3 b5 28. Rd8+ Re8 29. Rxe8+ Kxe8 30. Bd3 h6 31. g5 h5 32. Kf4 Kd7 33. Ke5 a6 1/2-1/2

[Event "HUN-chT U18"]
[Site "Miskolc"]
[Date "2010.11.05"]
[Round "6.13"]
[White "Hos, Daniel Dominik"]
[Black "Kiraly, Mate"]
[Result "0-1"]
[WhiteElo "1572"]
[BlackElo "1716"]
[PlyCount "40"]
[EventDate "2010.11.02"]
[EventType "team-swiss"]
[EventRounds "8"]
[EventCountry "HUN"]
[SourceTitle "EXT 2016"]
[Source "ChessBase"]
[SourceDate "2015.10.08"]
[SourceVersion "1"]
[SourceVersionDate "2015.10.08"]
[SourceQuality "1"]

1. e4 e5 2. Qh5 Nc6 3. Bc4 Qe7 4. Ne2 Nf6 5. Qf3 d6 6. h3 Be6 7. Bb3 g6 8. c3 Bg7 9. d4 Bxb3 10. axb3 exd4 11. Nd2 Ne5 12. Qg3 Nh5 13. Qh2 Nd3+ 14. Kf1 dxc3 15. Nxc3 Be5 16. g3 c6 17. Nf3 Bxc3 18. bxc3 Qxe4 19. Ng5 Qe1+ 20. Kg2 Qxf2# 0-1

[Event "HUN-chT U18"]
[Site "Miskolc"]
[Date "2009.10.28"]
[Round "5.19"]
[White "Huszar, Nora"]
[Black "Kiraly, Mate"]
[Result "1/2-1/2"]
[WhiteElo "1774"]
[BlackElo "1734"]
[PlyCount "47"]
[EventDate "2009.10.26"]
[EventType "team-swiss"]
[EventRounds "8"]
[EventCountry "HUN"]
[SourceTitle "EXT 2016"]
[Source "ChessBase"]
[SourceDate "2015.10.08"]
[SourceVersion "1"]
[SourceVersionDate "2015.10.08"]
[SourceQuality "1"]

1. d4 Nf6 2. c4 g6 3. Nf3 Bg7 4. Nc3 0-0 5. e3 d6 6. Bd3 Nc6 7. a3 a5 8. h3 e5 9. d5 Ne7 10. e4 Ne8 11. Qc2 f5 12. Bg5 f4 13. h4 h6 14. Bxe7 Qxe7 15. 0-0-0 Bd7 16. Be2 Nf6 17. Nh2 b6 18. g4 Bc8 19. f3 g5 20. h5 Ba6 21. a4 Qd7 22. b3 c5 23. Kb1 Rfb8 24. Nf1 1/2-1/2

[Event "HUN-chT U18"]
[Site "Miskolc"]
[Date "2009.10.28"]
[Round "4.22"]
[White "Kiraly, Mate"]
[Black "Matyus, Tibor Erhard"]
[Result "1/2-1/2"]
[WhiteElo "1734"]
[BlackElo "1433"]
[PlyCount "51"]
[EventDate "2009.10.26"]
[EventType "team-swiss"]
[EventRounds "8"]
[EventCountry "HUN"]
[SourceTitle "EXT 2016"]
[Source "ChessBase"]
[SourceDate "2015.10.08"]
[SourceVersion "1"]
[SourceVersionDate "2015.10.08"]
[SourceQuality "1"]

1. e4 e5 2. Nf3 Nc6 3. d4 exd4 4. Nxd4 Nge7 5. Be3 a6 6. a4 d5 7. Nxc6 bxc6 8. Nc3 Ng6 9. exd5 cxd5 10. Qxd5 Qxd5 11. Nxd5 Bd6 12. Be2 0-0 13. Bf3 Rb8 14. Rb1 Bb7 15. 0-0 Ne5 16. Rfd1 Nxf3+ 17. gxf3 Rfe8 18. Kg2 Re5 19. Nc3 Rh5 20. Ne4 Rxh2+ 21. Kg1 Bxe4 22. fxe4 Rh4 23. f3 f5 24. Bf2 Rh5 25. Rd5 Rg5+ 26. Kf1 1/2-1/2

[Event "HUN-chT2 Szechenyi 0809"]
[Site "Hungary"]
[Date "2009.04.19"]
[Round "11.12"]
[White "Kiraly, Mate"]
[Black "Ruszin, Borbala"]
[Result "1/2-1/2"]
[WhiteElo "1751"]
[BlackElo "1505"]
[PlyCount "100"]
[EventDate "2008.10.26"]
[EventType "team-tourn"]
[EventRounds "11"]
[EventCountry "HUN"]
[SourceTitle "EXT 2010"]
[Source "ChessBase"]
[SourceDate "2010.11.25"]
[SourceVersion "1"]
[SourceVersionDate "2010.11.25"]
[SourceQuality "1"]
[WhiteTeam "Keszthely"]
[BlackTeam "Zala Volan"]
[WhiteTeamCountry "HUN"]
[BlackTeamCountry "HUN"]

1. e4 d5 2. exd5 Qxd5 3. Nc3 Qa5 4. Bc4 Nf6 5. Nge2 c6 6. 0-0 Bf5 7. d3 Nbd7 8. a3 e6 9. b4 Bxb4 10. Bd2 Be7 11. Ng3 Bg6 12. Nd5 Qd8 13. Nxe7 Qxe7 14. f4 0-0 15. Kh1 Nb6 16. Bb3 Qd7 17. Qf3 Nbd5 18. Rae1 Rfe8 19. h4 h5 20. f5 exf5 21. Rxe8+ Rxe8 22. Nxf5 Re5 23. Ne3 Nxe3 24. Bxe3 a6 25. Bg5 Rf5 26. Qe2 Rxf1+ 27. Qxf1 Ng4 28. Qe2 Kh7 29. Qe7 Qxe7 30. Bxe7 Ne5 31. Kh2 f6 32. Be6 b5 33. Bc8 a5 34. Bd8 a4 35. Be7 Bf7 36. d4 Ng4+ 37. Bxg4 hxg4 38. Kg3 f5 39. Kf4 g6 40. g3 Kg7 41. c3 Be6 42. Ke5 Kf7 43. Bc5 Bc4 44. Bb4 Bd5 45. Bc5 Kg7 46. Be7 Be4 47. Bd8 Kf7 48. Bc7 Bd5 49. Bd6 Be6 50. Bc5 Bd5 1/2-1/2

[Event "HUN-chT2 Szechenyi 0809"]
[Site "Hungary"]
[Date "2009.02.16"]
[Round "7.11"]
[White "Kiraly, Mate"]
[Black "Kiss, Balint"]
[Result "0-1"]
[WhiteElo "1751"]
[BlackElo "1491"]
[PlyCount "98"]
[EventDate "2008.10.26"]
[EventType "team-tourn"]
[EventRounds "11"]
[EventCountry "HUN"]
[SourceTitle "EXT 2010"]
[Source "ChessBase"]
[SourceDate "2010.11.25"]
[SourceVersion "1"]
[SourceVersionDate "2010.11.25"]
[SourceQuality "1"]
[WhiteTeam "Keszthely"]
[BlackTeam "Arboretum"]
[WhiteTeamCountry "HUN"]
[BlackTeamCountry "HUN"]

1. e4 e5 2. Nf3 Nc6 3. Bc4 Bc5 4. Nc3 Nf6 5. d3 d6 6. h3 0-0 7. Bg5 Be6 8. Bb3 a6 9. 0-0 h6 10. Bh4 Re8 11. Nh2 Qe7 12. Nd5 Bxd5 13. Bxd5 g5 14. Bg3 Nxd5 15. exd5 Nd4 16. Qh5 Nf5 17. Kh1 Kh7 18. Ng4 Rg8 19. Nh2 Ng7 20. Qe2 Rae8 21. f3 f5 22. Bf2 Bxf2 23. Qxf2 f4 24. Qe2 Nf5 25. Qe4 Qf7 26. Rfe1 Kg7 27. Nf1 Nd4 28. Rac1 c6 29. Red1 cxd5 30. Qe1 Nf5 31. Rd2 Rc8 32. Rf2 Qc7 33. b3 Qc3 34. Qxc3 Rxc3 35. Re2 Nd4 36. Rf2 Rgc8 37. g3 Rxc2 38. Rcxc2 Rxc2 39. Rxc2 Nxc2 40. g4 Ne1 41. Nd2 Nxd3 42. Kg2 b5 43. Kf1 b4 44. Ke2 Nc1+ 45. Kd1 Nxa2 46. Kc2 Nc3 47. Nf1 e4 48. fxe4 dxe4 49. Nd2 f3 0-1

[Event "HUN-chT U18"]
[Site "Miskolc"]
[Date "2008.10.29"]
[Round "5.23"]
[White "Gal, Laszlo"]
[Black "Kiraly, Mate"]
[Result "1/2-1/2"]
[WhiteElo "1634"]
[BlackElo "1751"]
[PlyCount "47"]
[EventDate "2008.10.27"]
[EventType "team-swiss"]
[EventRounds "8"]
[EventCountry "HUN"]
[SourceTitle "EXT 2016"]
[Source "ChessBase"]
[SourceDate "2015.10.08"]
[SourceVersion "1"]
[SourceVersionDate "2015.10.08"]
[SourceQuality "1"]

1. e4 e5 2. Nf3 Nc6 3. Bc4 Be7 4. 0-0 Nf6 5. Nc3 0-0 6. d3 d6 7. Nd5 Be6 8. Nxe7+ Qxe7 9. Bxe6 fxe6 10. h3 Rad8 11. Bg5 d5 12. exd5 exd5 13. Qe2 h6 14. Bxf6 Rxf6 15. Rad1 Rfd6 16. Rfe1 Re6 17. c3 d4 18. cxd4 Nxd4 19. Nxd4 Rxd4 20. Qf3 c6 21. Re4 Qb4 22. Qf5 Qd6 23. Rde1 Rxe4 24. Qxe4 1/2-1/2